| 000 | 00609nam a2200181 i 4500 | ||
|---|---|---|---|
| 001 | 142005 | ||
| 003 | ES-MaACL | ||
| 005 | 20230906200424.0 | ||
| 007 | t| | ||
| 008 | 071002s1969 sp ||||1| spa d | ||
| 080 | _a232.931.7 | ||
| 245 | 0 | 3 |
_a¡La Virgen, siempre! _b: significado e influjo de sus mensajes en la historia de la salvación / _cNarciso García Garcés... [et al.]. |
| 260 |
_aMadrid : _bCorulsa, _c[1969] |
||
| 300 |
_a207 p. ; _c19 cm. |
||
| 600 | 1 | 4 |
_aVirgen María- _xApariciones y milagros. _9115438 |
| 700 | 1 |
_aGarcía Garcés, Narciso. _954651 |
|
| 852 |
_aES-MaACL _jC-50989 _bR.70532 |
||
| 999 |
_c142005 _d142005 |
||